000 00218 a2200097 4500
001 13968
100 _aSprigge Eli
245 _aFive plays of strindberg
260 _aNew York
_bAnchor books
_c
090 _c10930
_d10930
942 _aNUST-CAE
_cM
_c1037
999 _c249041
_d249041